000 00618nam a2200253Ia 4500
005 20260121161107.0
008 008 260114s9999 xx 000 0 eng d
020 _a9781315073408
037 _aEBOOK
040 _aCRL
040 _beng
040 _cCRL
041 _2eng
041 _aeng
084 _qCRL
100 _a Gino K. Piovesana
_91040122
245 0 _aRecent Japanese Philosophical Thought 1862-1994
260 _bTaylor and Francis
260 _c1997
856 _uhttp://www.taylorfrancis.com/books/9781315073408
942 _cEBOOK
999 _c1606938
_d1606938